|
|
|
|
| LEADER |
00000cam a2200000 7i4500 |
| 001 |
0000008085 |
| 002 |
000008823 |
| 005 |
20011121.0 |
| 020 |
|
|
|a 9839255274
|
| 090 |
0 |
0 |
|a 297
|b WAN
|
| 100 |
0 |
|
|a Wan Mohd Azmin Wan Dolah
|
| 245 |
1 |
0 |
|a Anak lembu Nabi Ibrahim
|c Wan Mohd Azmin Wan Dolah
|
| 260 |
|
|
|a Kuala Lumpur :
|b Karya One ,
|c 1996
|
| 300 |
|
|
|a 24 p. :
|b ill. ;
|c 29 cm.
|
| 490 |
0 |
|
|a Siri binatang syurga
|
| 650 |
0 |
0 |
|a Islamic stories, Malay
|
| 999 |
|
|
|a 047331
|b BUKU
|c PINJAMAN
|e PERPUSTAKAAN KOMUNITI CAW KOTA DAMANSARA
|
| 999 |
|
|
|a 047332
|b BUKU
|c PINJAMAN
|e PERPUSTAKAAN KOMUNITI CAW KOTA DAMANSARA
|